| 000 | 00535nam a2200193Ia 4500 | ||
|---|---|---|---|
| 005 | 20250326144957.0 | ||
| 008 | 250326s9999 xx 000 0 und d | ||
| 020 | _a0-8204-7627-7 | ||
| 037 | _aTextbook | ||
| 040 |
_aFMSL _beng _cFMSL |
||
| 041 |
_aeng _2eng |
||
| 084 |
_aX3 P6 _qFMSL |
||
| 100 |
_aDailey R M _9750418 |
||
| 245 | 0 |
_aApplied interpersonal communication matters _cDailey R M; Poire Beth A L |
|
| 260 |
_aNY _bNY, Peter Lang _c2006 |
||
| 300 | _a315p | ||
| 942 |
_cTB _hX3 P6 |
||
| 999 |
_c1305888 _d1305888 |
||